Spotřební daň zdroj rozpočtových příjmů i regulace spotřeby.

V rámci reformy daňového systému najvážnejšie zmeny v oblasti nepriamych daní, kedy daň z obratu bude nahradená daňou z pridanej hodnoty a spotrebnou daňou vyberanou u menovitých výrobkov. Stručná charakteristika cenového direktivizmu uplynulého obdobia a skončenia voluntarizmu cenovej politiky. Zah...

Full description

Saved in:
Bibliographic Details
Main Author: Klak, J.
Format: Book Chapter
Language:Czech
Subjects:
Tags: Add Tag
No Tags, Be the first to tag this record!

MARC

LEADER 00000naa a2200000 4500
001 r006473
005 20221125091438.7
041 0 |a cze 
044 |a CZ 
245 1 0 |a Spotřební daň  |b zdroj rozpočtových příjmů i regulace spotřeby.  |c J. Klak 
520 |a V rámci reformy daňového systému najvážnejšie zmeny v oblasti nepriamych daní, kedy daň z obratu bude nahradená daňou z pridanej hodnoty a spotrebnou daňou vyberanou u menovitých výrobkov. Stručná charakteristika cenového direktivizmu uplynulého obdobia a skončenia voluntarizmu cenovej politiky. Zahájenie liberalizačných procesov a zmeny v daňových sadzbách. Hlavné zásady a smery reformy nepriamych daní. Dve fázy legalizácie zákona o spotrebných daniach. Vzťah spotrebných daní k rozpočtu. 
610 2 0 |a dane 
610 2 0 |a spotreba 
610 2 0 |a dane nepriame 
610 2 0 |a sadzby daňové 
610 2 0 |a politika cenová 
610 2 0 |a liberalizácia 
610 2 0 |a rozpočet štátny 
610 2 0 |a ČSFR 
100 1 |a Klak, J.